ARRUPE JESUIT UNIVERSITY

CORONAVIRUS -STOP THE SPREAD - CLEAN,DISINFECT,COVER

Problems in primary education (Record no. 1936)

MARC details
000 -LEADER
fixed length control field 00503nam a2200205Ia 4500
003 - CONTROL NUMBER IDENTIFIER
control field 0100
008 - FIXED-LENGTH DATA ELEMENTS--GENERAL INFORMATION
fixed length control field 130227s9999 xx 000 0 und d
040 ## - CATALOGING SOURCE
Transcribing agency ARRUPELIB
050 ## - LIBRARY OF CONGRESS CALL NUMBER
Classification number LA633.D3 1976
100 ## - MAIN ENTRY--PERSONAL NAME
Personal name Dearden R. F.
245 ## - TITLE STATEMENT
Title Problems in primary education
260 ## - PUBLICATION, DISTRIBUTION, ETC. (IMPRINT)
Place of publication, distribution, etc London
260 ## - PUBLICATION, DISTRIBUTION, ETC. (IMPRINT)
Name of publisher, distributor, etc Routledge and Kegan Paul
260 ## - PUBLICATION, DISTRIBUTION, ETC. (IMPRINT)
-- 1976
300 ## - PHYSICAL DESCRIPTION
Extent xi
300 ## - PHYSICAL DESCRIPTION
Other physical details 131p. 23cm.
440 ## - SERIES STATEMENT/ADDED ENTRY--TITLE
Title Students library of education
650 ## - SUBJECT ADDED ENTRY--TOPICAL TERM
Topical term following geographic name as entry element Church and social problems
942 ## - ADDED ENTRY ELEMENTS (KOHA)
Source of classification or shelving scheme Library of Congress Classification
Koha issues (borrowed), all copies 1
Holdings
Withdrawn status Lost status Source of classification or shelving scheme Damaged status Not for loan Collection code Home library Current library Shelving location Date acquired Total Checkouts Full call number Barcode Date last seen Date last borrowed Copy number Price effective from Koha item type
    Library of Congress Classification     Main Collection ARRUPE LIBRARY ARRUPE LIBRARY   27/02/2013 2 LA633.D3 1976 46402543 22/08/2018 20/08/2018 1 27/02/2013 Monograph ( Printed materials)

 

Arrupe Library. PO Box MP320 Mt Pleasant, Harare, Zimbabwe
263 242 745411|librarian@aju.ac.zw